Die bekanntesten Transferströme zwischen Hertha und Hamburg - Statistiken

Allgemein
  • Dieses Quiz wurde 31 mal gespielt
  • Das Durchschnittsergebnis liegt bei 6 aus 11
Antwortstatistiken
Saison Abgebender Verein Aufnehmender Verein Position Ablöse in € Spielername % Korrekt
2013/2014 Hertha Hamburg Mittelstürmer Leihe 350.000 Lasogga
85%
2014/2015 Hertha Hamburg Mittelstürmer 8.500.000 Lasogga
85%
2010/2011 Hertha Hamburg Torwart ablösefrei Drobny
74%
2010/2011 Hertha Hamburg Defensives Mittelfeld 5.500.000 Kacar
67%
2007/2008 Hertha Hamburg Innenverteidiger 1.100.000 Boateng
52%
2011/2012 Hamburg Hertha Offensives MF 600.000 Ben-Hatira
44%
2013/2014 Hamburg Hertha Zentrales MF Leihe Skjelbred
44%
2014/2015 Hamburg Hertha Zentrales MF 1.300.000 Skjelbred
44%
1999/2000 Hamburg Hertha Innenverteidiger 175.000 Simunic
41%
2011/2012 Hamburg Hertha Rechtsaußen ablösefrei Torun
37%
2003/2004 Hertha Hamburg Offensives MF ablösefrei Beinlich
19%
Keine übereinstimmenden Quizze gefunden
Verteilung der Resultate
Anzahl Personen mit jedem Resultat
Perzentil nach korrekt beantworteten Fragen
Ihre Resultats-Entwicklung
Sie haben dieses Quiz noch nicht gespielt